101 Funny bunny jokes / (Record no. 114253)
[ view plain ]
| 000 -LEADER | |
|---|---|
| fixed length control field | 00384nam a2200145 a 4500 |
| 005 - DATE AND TIME OF LATEST TRANSACTION | |
| control field | 20140414132054.0 |
| 008 - FIXED-LENGTH DATA ELEMENTS--GENERAL INFORMATION | |
| fixed length control field | 060131s19uu xx 00 eng d |
| 020 ## - INTERNATIONAL STANDARD BOOK NUMBER | |
| International Standard Book Number | |
| 050 ## - LIBRARY OF CONGRESS CALL NUMBER | |
| Classification number | M 808.882 |
| Item number | C13 1990 |
| 100 ## - MAIN ENTRY--PERSONAL NAME | |
| Personal name | Calmenson, Stephanie |
| 245 ## - TITLE STATEMENT | |
| Title | 101 Funny bunny jokes / |
| Statement of responsibility, etc | Calmenson, Stephanie. |
| 260 ## - PUBLICATION, DISTRIBUTION, ETC. (IMPRINT) | |
| Place of publication, distribution, etc | New York : |
| Name of publisher, distributor, etc | Scholastic, |
| Date of publication, distribution, etc | 1990. |
| 650 ## - SUBJECT ADDED ENTRY--TOPICAL TERM | |
| Topical term or geographic name as entry element | Jokes |
| Withdrawn status | Lost status | Damaged status | Home library | Current library | Shelving location | Date acquired | Source of acquisition | Total Checkouts | Full call number | Barcode | Date last seen | Price effective from | Koha item type |
|---|---|---|---|---|---|---|---|---|---|---|---|---|---|
| Munich Library | Munich Library | Main Section | 07/20/2011 | M 808.882 C13 1990 | M6029 | 04/14/2014 | 04/14/2014 | Books |